[Event "Champ FRA - Under 8"]
[Site "Europe Echecs"]
[Date "2020.07.06"]
[Round "9"]
[Time "17:53:35"]
[PlyCount "97"]
[White "LarroumetsAugu"]
[Black "LauerAdam"]
[WhiteElo "1090"]
[BlackElo "1290"]
[Mode "WEB"]
[Result "0-1"]

1. e4 e5 2. Nf3 Nf6 3. Nxe5 d6 4. Nf3 Nxe4 5. d3 Nf6 6. Nc3 c5 7. Bg5 h6 8. Bxf6
Qxf6 9. Nd5 Qxb2 10. Nc7+ Kd7 11. Nxa8 Qc3+ 12. Qd2 Qxa1+ 13. Qd1 Qxd1+ 14. Kxd1
Nc6 15. d4 cxd4 16. Bb5 Be7 17. Bxc6+ Kxc6 18. Rf1 Bg4 19. h3 Bxf3+ 20. gxf3
Rxa8 21. Re1 Bf6 22. f4 Kd5 23. a3 b5 24. Re2 a5 25. Rd2 b4 26. axb4 axb4 27. f3
Kc4 28. Rd3 Ra1+ 29. Kd2 Ra2 30. f5 b3 31. Rxb3 Bg5+ 32. f4 Bxf4+ 33. Ke2 Rxc2+
34. Kd1 Rc1+ 35. Ke2 Kxb3 36. Kf3 d3 37. Kxf4 d2 38. Kg4 d1=Q+ 39. Kf4 Qf1+ 40.
Ke3 Rc3+ 41. Ke4 Qxh3 42. Kd5 Qh5 43. Kxd6 Qxf5 44. Ke7 Rc7+ 45. Kf8 Qc8+ 46.
Kxg7 f5+ 47. Kxh6 Qg8 48. Kh5 Rh7# {LarroumetsAugu est échec et mat} 0-1

[Event "Champ FRA - Under 8"]
[Site "Europe Echecs"]
[Date "2020.07.06"]
[Round "9"]
[Time "17:53:35"]
[PlyCount "69"]
[White "RobbeHugo"]
[Black "AboulasseGhita"]
[WhiteElo "1270"]
[BlackElo "1008"]
[Mode "WEB"]
[Result "0-1"]

1. e4 c5 2. Nf3 Nc6 3. Bc4 d6 4. O-O Nf6 5. d3 g6 6. Nc3 Bg7 7. Be3 O-O 8. Nd5
Nxd5 9. Bxd5 Bxb2 10. Rb1 Bg7 11. Ng5 h6 12. Nf3 Bg4 13. Rxb7 Rc8 14. h3 Bxf3
15. Qxf3 e6 16. Bc4 Nb4 17. c3 Nc6 18. d4 cxd4 19. cxd4 Nxd4 20. Bxd4 Rxc4 21.
Bxg7 Kxg7 22. Qb3 Rxe4 23. Qc3+ Kg8 24. Re1 Rxe1+ 25. Qxe1 Qa8 26. Re7 Rc8 27.
Qe3 d5 28. Qf3 f5 29. Qe3 Qb8 30. Qe5 Qxe5 31. g3 Qe1+ 32. Kg2 Rc1 33. Re8+ Kf7
34. Rc8 Qh1# {RobbeHugo est échec et mat} 0-1

[Event "Champ FRA - Under 8"]
[Site "Europe Echecs"]
[Date "2020.07.06"]
[Round "9"]
[Time "17:53:35"]
[PlyCount "27"]
[White "PerrinStephane"]
[Black "GlonTombiAmbas"]
[WhiteElo "1260"]
[BlackElo "920"]
[Mode "WEB"]
[Result "0-1"]

1. e4 e5 2. Bc4 Nf6 3. Na3 Bc5 4. d3 O-O 5. Nf3 Ng4 6. O-O Nc6 7. Be3 Nxe3 8.
fxe3 Bxe3+ 9. Kh1 Bc5 10. Nd2 Bd4 11. Qg4 d6 12. Rf3 Bxg4 13. Bd5 Bxf3 {PerrinStephane a abandonné} 0-1

[Event "Champ FRA - Under 8"]
[Site "Europe Echecs"]
[Date "2020.07.06"]
[Round "9"]
[Time "17:53:35"]
[PlyCount "57"]
[White "ChevillonInes"]
[Black "NottperaltaGab"]
[WhiteElo "1060"]
[BlackElo "1231"]
[Mode "WEB"]
[Result "0-1"]

1. e4 Nf6 2. Nc3 e5 3. Nf3 Nc6 4. d3 Bc5 5. d4 exd4 6. Nd5 Nxd5 7. exd5 Qe7+ 8.
Qe2 Qxe2+ 9. Bxe2 Nb4 10. a3 Nxc2+ 11. Kd2 Nxa1 12. b4 Nb3+ 13. Kc2 Nxc1 14.
bxc5 Nxe2 15. Rf1 O-O 16. Re1 Nf4 17. g3 Ng6 18. Rd1 d6 19. cxd6 cxd6 20. Rxd4
Bf5+ 21. Kc3 Rac8+ 22. Kd2 Rc2+ 23. Ke3 Re8+ 24. Ne5 Rxe5+ 25. Re4 Rxe4+ 26. Kd3
Ree2+ 27. Kd4 Ne5 28. f4 Rc4# {ChevillonInes est échec et mat} 0-1

[Event "Champ FRA - Under 8"]
[Site "Europe Echecs"]
[Date "2020.07.06"]
[Round "9"]
[Time "17:53:35"]
[PlyCount "32"]
[White "MouradianIchrh"]
[Black "BuchlinAdrien"]
[WhiteElo "920"]
[BlackElo "1190"]
[Mode "WEB"]
[Result "1-0"]

1. e4 e5 2. Nf3 Nc6 3. Bc4 Nf6 4. Ng5 d5 5. exd5 Nxd5 6. Qf3 f6 7. Bxd5 Qd6 8.
Bf7+ Ke7 9. d4 fxg5 10. dxe5 Qxe5+ 11. Kf1 Qb5+ 12. Ke1 Qb4+ 13. c3 Qd6 14.
Bxg5+ Kd7 15. Qf5+ Qe6+ 16. Qxe6# {BuchlinAdrien est échec et mat} 1-0

[Event "Champ FRA - Under 8"]
[Site "Europe Echecs"]
[Date "2020.07.06"]
[Round "9"]
[Time "17:53:35"]
[PlyCount "72"]
[White "BauerPierre"]
[Black "JarryEliot"]
[WhiteElo "1187"]
[BlackElo "890"]
[Mode "WEB"]
[Result "1-0"]

1. d4 d5 2. c4 dxc4 3. e4 Bg4 4. Qxg4 Nf6 5. Qh4 e6 6. Bxc4 Bb4+ 7. Bd2 Bxd2+ 8.
Nxd2 O-O 9. e5 Nfd7 10. Qg3 Nb6 11. Bb3 Nc6 12. Ngf3 Nb4 13. O-O N6d5 14. Ne4
Re8 15. Bxd5 exd5 16. Nf6+ Kf8 17. Nxh7+ Ke7 18. Qg5+ Kd7 19. Qxg7 Qe7 20. Nf6+
Kc6 21. Rac1+ Kb6 22. a3 Nd3 23. Nxd5+ Ka6 24. Nxe7 Rxe7 25. Qf6+ c6 26. Qxe7
Nxc1 27. Rxc1 b5 28. Qxf7 Kb6 29. Qe6 Ka5 30. b4+ Ka4 31. Qxc6 Rg8 32. Qc3 Rg4
33. Qc6 Rg8 34. Qc7 Kxa3 35. Qc3+ Ka4 36. Ra1# {JarryEliot est échec et mat} 1-0

[Event "Champ FRA - Under 8"]
[Site "Europe Echecs"]
[Date "2020.07.06"]
[Round "9"]
[Time "17:53:35"]
[PlyCount "145"]
[White "KermarrecHugo"]
[Black "JourdainLouis"]
[WhiteElo "950"]
[BlackElo "1170"]
[Mode "WEB"]
[Result "0-1"]

1. e4 e5 2. Qf3 Nf6 3. Bc4 Bc5 4. g4 O-O 5. g5 Ne8 6. g6 Nf6 7. Qh3 d6 8. Bb5
Bxh3 9. Nxh3 fxg6 10. Ng5 Ng4 11. Ne6 Qh4 12. Nxf8 Qxf2+ 13. Kd1 Qxf8 14. h3
Nf2+ 15. Ke2 Nxh1 16. Bc4+ Kh8 17. Nc3 Qf2+ 18. Kd1 Qf1+ 19. Bxf1 Nf2+ 20. Ke1
Nh1 21. Nd5 Nc6 22. Nxc7 Rf8 23. Ne6 Rf6 24. Nc7 Ng3 25. Ne8 Rf7 26. Nc7 Rxc7
27. Bb5 Nd4 28. Be8 Nxc2+ 29. Kd1 Nxa1 30. Ba4 Bf2 31. b4 a6 32. Bb2 b5 33. Bc2
Nxe4 34. Bb3 Nxb3 35. axb3 Ng3 36. d3 Rc3 37. d4 Rxb3 38. Bc3 Rxc3 39. dxe5 Bd4
40. exd6 Rc6 41. d7 Rd6 42. d8=Q+ Rxd8 43. Kc2 Rc8+ 44. Kd3 Rc4 45. Kd2 Rxb4 46.
Kd3 a5 47. h4 Nf5 48. h5 gxh5 49. Ke4 Nd6+ 50. Kd5 Nf7 51. Ke6 Nh6 52. Ke7 a4
53. Kd6 a3 54. Kc6 a2 55. Kd5 a1=Q 56. Ke6 Rc4 57. Kd5 Qc3 58. Kd6 b4 59. Kd5 b3
60. Ke6 b2 61. Ke7 b1=Q 62. Kf8 h4 63. Ke7 h3 64. Ke6 h2 65. Kd5 h1=Q+ 66. Ke6
g5 67. Ke7 g4 68. Kf8 g3 69. Ke7 g2 70. Ke6 g1=Q 71. Kd6 Ng8 72. Kd7 h5 {KermarrecHugo a perdu au temps} 0-1

[Event "Champ FRA - Under 8"]
[Site "Europe Echecs"]
[Date "2020.07.06"]
[Round "9"]
[Time "17:53:35"]
[PlyCount "64"]
[White "RomeroAlexandr"]
[Black "Cadilhacseffin"]
[WhiteElo "900"]
[BlackElo "1130"]
[Mode "WEB"]
[Result "1-0"]

1. d4 d5 2. c4 dxc4 3. e4 Nf6 4. Nc3 Bg4 5. f3 Be6 6. d5 Bd7 7. Bxc4 Nh5 8. Bb5
Bxb5 9. Nxb5 Nf4 10. Bxf4 Qd7 11. Nxc7+ Kd8 12. Nxa8 e5 13. Bxe5 Qb5 14. Bxb8
Bb4+ 15. Kf2 Bc5+ 16. Ke1 Qb4+ 17. Qd2 Qc4 18. Bc7+ Kc8 19. Qc3 Qb5 20. Bd6 Kd7
21. Bxc5 Rc8 22. Qb4 Qa6 23. Qd4 Rxa8 24. Qxg7 Re8 25. Qxh7 Qa5+ 26. b4 Qa3 27.
Qxf7+ Kd8 28. Qxb7 Qb2 29. Qb8+ Kd7 30. Qxa7+ Kd8 31. Bb6+ Kc8 32. Qc7# {Cadilhacseffin est échec et mat} 1-0

[Event "Champ FRA - Under 8"]
[Site "Europe Echecs"]
[Date "2020.07.06"]
[Round "9"]
[Time "17:53:35"]
[PlyCount "43"]
[White "FeretGabriel"]
[Black "CosynsJean"]
[WhiteElo "799"]
[BlackElo "1130"]
[Mode "WEB"]
[Result "0-1"]

1. e4 c6 2. d4 d5 3. exd5 cxd5 4. Nc3 Nf6 5. Bb5+ Bd7 6. Bxd7+ Nbxd7 7. Nf3 e6
8. O-O Bd6 9. h3 O-O 10. Bg5 h6 11. Bxf6 Qxf6 12. b3 Bb4 13. Qd2 Rac8 14. Qe2
Bxc3 15. Ne5 Bxa1 16. Rxa1 Nxe5 17. dxe5 Qf5 18. c3 Rxc3 19. Qb5 Rc2 20. Qxb7
Qxf2+ 21. Kh1 Qxg2# {FeretGabriel est échec et mat} 0-1

[Event "Champ FRA - Under 8"]
[Site "Europe Echecs"]
[Date "2020.07.06"]
[Round "9"]
[Time "17:53:35"]
[PlyCount "38"]
[White "CorralNehamaLe"]
[Black "AlsaiedNizar"]
[WhiteElo "799"]
[BlackElo "1120"]
[Mode "WEB"]
[Result "1-0"]

1. e4 e5 2. Nf3 Nc6 3. Nc3 Nf6 4. Bc4 Bc5 5. O-O O-O 6. d3 d6 7. Bg5 Bg4 8. h3
Bxf3 9. Qxf3 h6 10. Bh4 Nd4 11. Qd1 a6 12. a4 Bb6 13. b4 Qd7 14. a5 Ba7 15. Bxf6
Qe8 16. Qg4 g6 17. Qh4 Nxc2 18. Qxh6 Nxa1 19. Qg7# {AlsaiedNizar est échec et mat} 1-0

[Event "Champ FRA - Under 8"]
[Site "Europe Echecs"]
[Date "2020.07.06"]
[Round "9"]
[Time "17:53:35"]
[PlyCount "86"]
[White "LeBlevecYelise"]
[Black "ReissOscar"]
[WhiteElo "1107"]
[BlackElo "799"]
[Mode "WEB"]
[Result "1-0"]

1. e4 c5 2. Nf3 Nf6 3. d4 cxd4 4. Qxd4 d6 5. Nc3 e5 6. Qd1 Bg4 7. Be2 d5 8. exd5
e4 9. Ne5 Bxe2 10. Qxe2 Bb4 11. Bd2 Qe7 12. Nc4 O-O 13. a3 e3 14. Nxe3 Bxc3 15.
Bxc3 Nxd5 16. Nxd5 Qxe2+ 17. Kxe2 Re8+ 18. Ne3 Nc6 19. Rhe1 Rad8 20. Kf1 Re6 21.
Rad1 Rdd6 22. Rxd6 Rxd6 23. Nd5 Rd8 24. b4 h6 25. Ne7+ Nxe7 26. Rxe7 Kf8 27.
Rxb7 Re8 28. Rxa7 Re4 29. b5 Rc4 30. Bb4+ Kg8 31. Ra8+ Kh7 32. Rf8 Rd4 33. Rxf7
Rd1+ 34. Ke2 Ra1 35. b6 Kg6 36. Rc7 Rc1 37. b7 h5 38. b8=Q h4 39. Qb7 h3 40.
Rxg7+ Kh5 41. Qd5+ Kh4 42. Qd8+ Kh5 43. Qh8# {ReissOscar est échec et mat} 1-0

[Event "Champ FRA - Under 8"]
[Site "Europe Echecs"]
[Date "2020.07.06"]
[Round "9"]
[Time "17:53:35"]
[PlyCount "52"]
[White "MoreauBaptiste"]
[Black "GrederPaul"]
[WhiteElo "1020"]
[BlackElo "1220"]
[Mode "WEB"]
[Result "1-0"]

1. e4 e5 2. Nf3 Bc5 3. Nxe5 f6 4. Nf3 Bxf2+ 5. Kxf2 Qe7 6. Nc3 Qc5+ 7. d4 Qc4 8.
Bxc4 d6 9. Rf1 Bg4 10. Kg1 Bxf3 11. Qxf3 Ne7 12. e5 Rf8 13. exd6 cxd6 14. Qxb7
Nd7 15. Qxa8+ Nc8 16. Qxc8+ Ke7 17. Re1+ Ne5 18. Qe6+ Kd8 19. Bb5 Kc7 20. dxe5
dxe5 21. Qd7+ Kb6 22. Qc6+ Ka5 23. Qa6+ Kb4 24. a3+ Kc5 25. Rd1 Rb8 26. Qc6# {GrederPaul est échec et mat} 1-0

[Event "Champ FRA - Under 8"]
[Site "Europe Echecs"]
[Date "2020.07.06"]
[Round "9"]
[Time "17:53:35"]
[PlyCount "68"]
[White "GriffonLoris"]
[Black "BonnayTramoniB"]
[WhiteElo "1200"]
[BlackElo "799"]
[Mode "WEB"]
[Result "1-0"]

1. e4 e5 2. Nf3 Bc5 3. Nxe5 Nf6 4. Nc3 d6 5. Nf3 Ng4 6. Bc4 Nxf2 7. Qe2 Nxh1 8.
d4 Bb6 9. Bg5 f6 10. Bf4 Kf8 11. O-O-O Qe8 12. Rxh1 Be6 13. Bxe6 Qxe6 14. d5 Qg4
15. h3 Qg6 16. Nh4 Qxg2 17. Nxg2 c5 18. Bxd6+ Ke8 19. Bxb8 Rxb8 20. e5 fxe5 21.
Qxe5+ Kd8 22. Qxb8+ Kd7 23. Qxh8 c4 24. Qxh7 Kd6 25. Qxg7 Be3+ 26. Nxe3 b6 27.
Qg5 b5 28. Qg6+ Ke7 29. Rg1 Kf8 30. Qe6 b4 31. Rf1+ Kg7 32. Qg4+ Kh6 33. Rf5 Kh7
34. Rh5# {BonnayTramoniB est échec et mat} 1-0

[Event "Champ FRA - Under 8"]
[Site "Europe Echecs"]
[Date "2020.07.06"]
[Round "9"]
[Time "17:53:35"]
[PlyCount "58"]
[White "DebbicheAmir"]
[Black "ColinFelix"]
[WhiteElo "1110"]
[BlackElo "799"]
[Mode "WEB"]
[Result "1-0"]

1. c4 e5 2. Nc3 Nf6 3. d3 Nc6 4. e4 Bb4 5. Bd2 Bxc3 6. Be2 Bxd2+ 7. Qxd2 d6 8.
b3 Bg4 9. Bxg4 Nxg4 10. Qg5 Qxg5 11. Nf3 Qf5 12. exf5 e4 13. dxe4 O-O-O 14. O-O
g6 15. fxg6 hxg6 16. h3 Nf6 17. Rfd1 a6 18. b4 Kb8 19. b5 axb5 20. cxb5 Nb4 21.
a3 Nc2 22. Ra2 Nxa3 23. Rxa3 c6 24. bxc6 bxc6 25. Rb3+ Kc7 26. Rdb1 Nxe4 27.
Rb7+ Kc8 28. Rb8+ Kc7 29. R1b7# {ColinFelix est échec et mat} 1-0

[Event "Champ FRA - Under 8"]
[Site "Europe Echecs"]
[Date "2020.07.06"]
[Round "9"]
[Time "17:53:35"]
[PlyCount "51"]
[White "CharrierMojane"]
[Black "NicolettiLouis"]
[WhiteElo "1190"]
[BlackElo "799"]
[Mode "WEB"]
[Result "0-1"]

1. d4 d6 2. Nf3 Nc6 3. Bf4 f6 4. e3 e5 5. Bg3 exd4 6. exd4 Qe7+ 7. Be2 Nh6 8.
Nc3 Nf5 9. Qd2 Nfxd4 10. Nxd4 Nxd4 11. Qxd4 c5 12. Qd2 Bf5 13. Nd5 Qe4 14. Nc7+
Kd8 15. Nxa8 Qxc2 16. Qa5+ Ke7 17. Qc7+ Ke6 18. Qxb7 Qe4 19. Qc7 Be7 20. Qxa7
Qc2 21. Nb6 Bd3 22. Bg4+ f5 23. Qd7+ Kf6 24. Qc6 fxg4 25. Bxd6 Qe2# {CharrierMojane est échec et mat} 0-1

[Event "Champ FRA - Under 8"]
[Site "Europe Echecs"]
[Date "2020.07.06"]
[Round "9"]
[Time "17:53:35"]
[PlyCount "68"]
[White "BennaniJohan"]
[Black "RibreauAnna"]
[WhiteElo "940"]
[BlackElo "1280"]
[Mode "WEB"]
[Result "1-0"]

1. e4 c5 2. Nf3 Nc6 3. d4 cxd4 4. Nxd4 g6 5. Nxc6 bxc6 6. Nc3 Bg7 7. Bc4 e6 8.
Bf4 Ne7 9. O-O O-O 10. Qd3 d5 11. exd5 exd5 12. Bb3 Bf5 13. Qg3 d4 14. Na4 d3
15. cxd3 Qxd3 16. Qg5 h6 17. Qxe7 Rae8 18. Qc7 Rc8 19. Qxa7 Ra8 20. Qc5 Qe4 21.
Bd6 Rfd8 22. Rfe1 Qd3 23. Rad1 Qa6 24. Bc7 Rdc8 25. Nb6 Rxc7 26. Nxa8 Qxa8 27.
Qb6 Rb7 28. Qe3 Qa7 29. Rd8+ Bf8 30. Qxa7 Rxa7 31. Ree8 Kg7 32. Rxf8 Re7 33. f3
Re2 34. Rxf7# {RibreauAnna est échec et mat} 1-0

[Event "Champ FRA - Under 8"]
[Site "Europe Echecs"]
[Date "2020.07.06"]
[Round "9"]
[Time "17:53:35"]
[PlyCount "48"]
[White "RaykoPauline"]
[Black "MauryTom"]
[WhiteElo "900"]
[BlackElo "1240"]
[Mode "WEB"]
[Result "1-0"]

1. e4 e6 2. d4 d5 3. e5 c5 4. dxc5 Bxc5 5. Nc3 Nc6 6. Nf3 Nge7 7. Ng5 h6 8. Nf3
O-O 9. Nb5 a6 10. Nc3 b5 11. a3 d4 12. Ne2 Nf5 13. g4 Nfe7 14. Bh3 Bd7 15. g5
hxg5 16. Bxg5 f6 17. exf6 gxf6 18. Bh6 Rf7 19. Nf4 e5 20. Nh5 Rh7 21. Bxd7 Qxd7
22. Nxf6+ Kf7 23. Nxd7 Rxh6 24. Nxc5 {MauryTom a abandonné} 1-0

[Event "Champ FRA - Under 8"]
[Site "Europe Echecs"]
[Date "2020.07.06"]
[Round "9"]
[Time "17:53:35"]
[PlyCount "58"]
[White "BousmatAdam"]
[Black "CoutonTheo"]
[WhiteElo "799"]
[BlackElo "1190"]
[Mode "WEB"]
[Result "1-0"]

1. e4 e5 2. Nf3 Nc6 3. Nc3 Nf6 4. Bb5 Bb4 5. d3 d6 6. Bg5 O-O 7. O-O h6 8. Bh4
Qd7 9. h3 Ng4 10. a3 Bxc3 11. bxc3 a6 12. Bxc6 bxc6 13. hxg4 Qxg4 14. Be7 Re8
15. Bh4 Re6 16. d4 Rg6 17. g3 exd4 18. cxd4 d5 19. exd5 cxd5 20. Ne5 Rf6 21.
Nxg4 Rf4 22. gxf4 Bxg4 23. Qxg4 Kf8 24. Rfe1 g6 25. Be7+ Kg8 26. Bc5 f5 27.
Qxg6+ Kh8 28. Re7 Rg8 29. Rh7# {CoutonTheo est échec et mat} 1-0

[Event "Champ FRA - Under 8"]
[Site "Europe Echecs"]
[Date "2020.07.06"]
[Round "9"]
[Time "17:53:35"]
[PlyCount "38"]
[White "VidalAlexandre"]
[Black "Schoenenberger"]
[WhiteElo "1130"]
[BlackElo "950"]
[Mode "WEB"]
[Result "1-0"]

1. e4 d5 2. exd5 Qxd5 3. Nc3 Qe5+ 4. Be2 Bg4 5. f3 Bf5 6. g4 Bg6 7. d4 Qd5 8.
Nxd5 Nf6 9. Nxc7+ Kd8 10. Nxa8 Nc6 11. Bf4 Nb4 12. Nc7 Nxc2+ 13. Kf1 Nxa1 14.
Qxa1 e6 15. Qd1 Nd5 16. Nxd5 exd5 17. Qc1 Bb4 18. Bb5 a6 19. Qc7# {Schoenenberger est échec et mat} 1-0

[Event "Champ FRA - Under 8"]
[Site "Europe Echecs"]
[Date "2020.07.06"]
[Round "9"]
[Time "17:53:35"]
[PlyCount "136"]
[White "DemangeSymeon"]
[Black "BalesterDimitr"]
[WhiteElo "799"]
[BlackElo "1120"]
[Mode "WEB"]
[Result "1-0"]

1. e4 e5 2. Nf3 Bb4 3. Nc3 Bxc3 4. dxc3 Nf6 5. Bg5 Nc6 6. Bxf6 gxf6 7. Bb5 Na5
8. Qd5 c6 9. Qd2 cxb5 10. O-O-O O-O 11. Qe3 Qb6 12. Qxb6 axb6 13. Rd2 f5 14.
exf5 d6 15. Rxd6 Bxf5 16. Rxb6 Nc4 17. Rxb5 Rab8 18. Nxe5 Nxe5 19. Rxe5 Bd7 20.
Re7 Bc6 21. Rd1 Rfe8 22. Rxe8+ Bxe8 23. Rd3 Bb5 24. Rd5 Bc6 25. Rg5+ Kh8 26. b4
Ra8 27. Kb2 h6 28. Rf5 Bd7 29. Rxf7 Be6 30. Rxb7 Rxa2+ 31. Kb1 Ra8 32. b5 Bd5
33. Rd7 Be6 34. Rd6 Bf7 35. b6 Rb8 36. Rd7 Be6 37. Re7 Rxb6+ 38. Kc1 Bg8 39. Kd2
Rg6 40. g3 Rf6 41. c4 Rxf2+ 42. Kc3 Rxh2 43. c5 Rf2 44. c6 Rf8 45. c7 h5 46. Kb4
Rc8 47. Kc5 Bb3 48. cxb3 Kg8 49. Kc6 Kf8 50. Kd7 Ra8 51. Rh7 Kg8 52. c8=Q+ Rxc8
53. Kxc8 Kxh7 54. b4 Kg6 55. b5 Kf6 56. b6 Ke6 57. b7 Kd6 58. b8=Q+ Ke6 59. Qf4
Kd5 60. Qg5+ Kc6 61. Qxh5 Kd6 62. g4 Ke6 63. g5 Ke7 64. g6 Kf8 65. Qh7 Ke8 66.
Kb8 Kd8 67. g7 Ke8 68. g8=Q# {BalesterDimitr est échec et mat} 1-0

[Event "Champ FRA - Under 8"]
[Site "Europe Echecs"]
[Date "2020.07.06"]
[Round "9"]
[Time "17:53:35"]
[PlyCount "50"]
[White "GiulianiGiovan"]
[Black "VidalRaphael"]
[WhiteElo "1120"]
[BlackElo "799"]
[Mode "WEB"]
[Result "1-0"]

1. e4 e5 2. Qf3 Nf6 3. Qd1 Nc6 4. Nc3 Bc5 5. Bc4 d6 6. d3 Qe7 7. Bg5 Nd7 8. Bxe7
Kxe7 9. Nd5+ Ke8 10. Nxc7+ Kd8 11. Nxa8 Nd4 12. Nf3 Nxf3+ 13. Qxf3 g5 14. Qxf7
Rf8 15. Qxh7 Bxf2+ 16. Kf1 Be3+ 17. Ke1 Rf4 18. g3 Rf3 19. Rf1 Rxf1+ 20. Kxf1
Nf6 21. Qh8+ Kd7 22. Qg7+ Kd8 23. Bb5 Ng4 24. h3 Nh2+ 25. Kg2 {VidalRaphael a abandonné} 1-0

[Event "Champ FRA - Under 8"]
[Site "Europe Echecs"]
[Date "2020.07.06"]
[Round "9"]
[Time "17:53:35"]
[PlyCount "37"]
[White "DorgereLouka"]
[Black "SakiOmar"]
[WhiteElo "799"]
[BlackElo "1044"]
[Mode "WEB"]
[Result "0-1"]

1. e4 e5 2. Bc4 Nc6 3. Nf3 Bc5 4. Nc3 Nf6 5. Ng5 O-O 6. Nxf7 Rxf7 7. Bxf7+ Kxf7
8. Qh5+ Nxh5 9. Nb5 a6 10. Nc3 Qf6 11. O-O Qg6 12. h3 d6 13. Kh1 Nf4 14. Rg1 Qh5
15. Rd1 Bxh3 16. Kg1 Qg4 17. Kf1 Qxg2+ 18. Ke1 Qg1# {DorgereLouka est échec et mat} 0-1

[Event "Champ FRA - Under 8"]
[Site "Europe Echecs"]
[Date "2020.07.06"]
[Round "9"]
[Time "17:53:35"]
[PlyCount "76"]
[White "StoyanovVictor"]
[Black "DuboisSelene"]
[WhiteElo "799"]
[BlackElo "1037"]
[Mode "WEB"]
[Result "1-0"]

1. d4 e6 2. e4 Bd6 3. Nc3 Nc6 4. Nf3 Nf6 5. Bd3 e5 6. dxe5 Bxe5 7. Nxe5 Nxe5 8.
Be3 d6 9. Qe2 O-O 10. O-O Bg4 11. f3 Bxf3 12. gxf3 Re8 13. Qg2 c6 14. Bd4 Nxd3
15. cxd3 c5 16. Bxf6 Qxf6 17. a3 Qd4+ 18. Rf2 Qxd3 19. Nd5 Re5 20. Nc7 Rc8 21.
Nd5 c4 22. Nb4 Qe3 23. Nc2 Qc5 24. Nb4 c3 25. bxc3 Qxc3 26. Rd1 Qxa3 27. Nc2 Qa2
28. Rxd6 Rxc2 29. Rxc2 Qb1+ 30. Kf2 Qxc2+ 31. Kg1 Qc1+ 32. Qf1 Qc5+ 33. Qf2 Qxd6
34. Qxa7 Rg5+ 35. Kf2 Qd2+ 36. Kf1 Rg2 37. Qa8+ Qd8 38. Qxd8# {DuboisSelene est échec et mat} 1-0

[Event "Champ FRA - Under 8"]
[Site "Europe Echecs"]
[Date "2020.07.06"]
[Round "9"]
[Time "17:53:35"]
[PlyCount "100"]
[White "SailhanDinhAle"]
[Black "GadoisMelina"]
[WhiteElo "799"]
[BlackElo "1150"]
[Mode "WEB"]
[Result "1-0"]

1. e4 e5 2. Bc4 Bc5 3. Nf3 Nc6 4. Ng5 Qxg5 5. d4 exd4 6. Bxg5 Nf6 7. Bxf6 gxf6
8. Na3 d6 9. Nb5 Kd8 10. Na3 Bd7 11. Bxf7 Ke7 12. Bd5 Rae8 13. Bxc6 Bxc6 14. Nc4
Kd7 15. Na5 Bb5 16. Nxb7 Bb4+ 17. c3 Bc5 18. cxd4 Bb6 19. Qb3 Bc6 20. O-O-O Bxb7
21. Rhe1 Bxe4 22. Qa4+ Bc6 23. Qa6 Rxe1 24. Rxe1 Kd8 25. Kd2 Kd7 26. Kc3 Re8 27.
Rxe8 Kxe8 28. Qc8+ Ke7 29. Qh8 Ba5+ 30. b4 Bb6 31. Qxh7+ Ke6 32. h4 Bxg2 33. h5
c5 34. bxc5 dxc5 35. dxc5 Bxc5 36. h6 Bxf2 37. Qg8+ Ke5 38. Qxg2 Bd4+ 39. Kc4 f5
40. h7 f4 41. h8=Q+ Ke6 42. Qxd4 Kf5 43. Qge4+ Kg4 44. Qg2+ Kf5 45. Qdd5+ Kf6
46. Qh3 Ke7 47. Qhd7+ Kf6 48. Q7d6+ Kg7 49. Qb7+ Kg8 50. Qd8# {GadoisMelina est échec et mat} 1-0

[Event "Champ FRA - Under 8"]
[Site "Europe Echecs"]
[Date "2020.07.06"]
[Round "9"]
[Time "17:53:35"]
[PlyCount "70"]
[White "BronnyTitien"]
[Black "SchmittVavihel"]
[WhiteElo "1270"]
[BlackElo "1020"]
[Mode "WEB"]
[Result "1-0"]

1. e4 e5 2. Nf3 Nc6 3. Bb5 Bb4 4. Bxc6 dxc6 5. Nxe5 Be6 6. Nf3 Qc8 7. Nc3 Bg4 8.
d4 Bxc3+ 9. bxc3 Bxf3 10. Qxf3 Nf6 11. O-O Ng4 12. Bf4 O-O 13. Qg3 Re8 14. Rfe1
Qd7 15. h3 Nf6 16. Bh6 g6 17. Qg5 Nxe4 18. Qh4 Qd5 19. Re2 g5 20. Qg4 Nf6 21.
Qg3 Nh5 22. Qxg5+ Qxg5 23. Bxg5 Rxe2 24. Rb1 Rxc2 25. Rxb7 Rxa2 26. Rxc7 Ra1+
27. Kh2 Ra3 28. Be7 Re8 29. Bxa3 Re2 30. Rxc6 Rxf2 31. Rc7 Ra2 32. Rxa7 Rc2 33.
d5 Rxc3 34. Bb2 Rd3 35. Ra8# {SchmittVavihel est échec et mat} 1-0

[Event "Champ FRA - Under 8"]
[Site "Europe Echecs"]
[Date "2020.07.06"]
[Round "9"]
[Time "17:53:35"]
[PlyCount "109"]
[White "DoucetJeanGabr"]
[Black "PonzeveraAlexa"]
[WhiteElo "1100"]
[BlackElo "799"]
[Mode "WEB"]
[Result "0-1"]

1. e4 d6 2. Bc4 Nf6 3. f4 Nbd7 4. Nh3 e5 5. fxe5 dxe5 6. Ng5 Qe7 7. O-O h6 8. d3
hxg5 9. Be3 Nc5 10. Nc3 Ng4 11. Qd2 Nxe3 12. Qxe3 Bg4 13. Rae1 O-O-O 14. h3 Be6
15. g4 Bxc4 16. dxc4 g6 17. Re2 Bg7 18. Rfe1 Na6 19. Na4 Qf6 20. Rf2 Qc6 21. b3
Nb4 22. a3 Nxc2 23. Rxc2 Rd4 24. Rd2 Rxe4 25. Qf2 Rxe1+ 26. Qxe1 Rxh3 27. Qf2
Qf3 28. Qg2 Qxg2+ 29. Rxg2 f5 30. gxf5 gxf5 31. Rxg5 Bh6 32. Rxf5 Rg3+ 33. Kf2
Rg5 34. Rf3 e4 35. Rf6 Bg7 36. Rf7 Bd4+ 37. Ke2 Rg2+ 38. Kf1 Ra2 39. c5 Rxa3 40.
Rf8+ Kd7 41. c6+ bxc6 42. Rf7+ Kd6 43. Nb2 Rxb3 44. Nd1 c5 45. Rh7 c4 46. Rh6+
Kd5 47. Rh5+ Kc6 48. Rh6+ Kb7 49. Rh5 c3 50. Ra5 c2 51. Ra4 cxd1=Q+ 52. Kg2 Qg4+
53. Kh2 Qg3+ 54. Kh1 Rb1# {DoucetJeanGabr est échec et mat} 0-1

[Event "Champ FRA - Under 8"]
[Site "Europe Echecs"]
[Date "2020.07.06"]
[Round "9"]
[Time "17:53:35"]
[PlyCount "54"]
[White "SaintjoresMeli"]
[Black "MougenotSacha"]
[WhiteElo "1100"]
[BlackElo "799"]
[Mode "WEB"]
[Result "1-0"]

1. e4 d5 2. exd5 Nf6 3. Nc3 Nxd5 4. Nf3 Bg4 5. h3 Bf5 6. Bc4 Nc6 7. Bxd5 Nb4 8.
O-O Bxc2 9. Qe2 e6 10. Bxb7 Rb8 11. Qb5+ c6 12. Qxb4 Qc7 13. Bxc6+ Qxc6 14.
Qxb8+ Ke7 15. Qxa7+ Kf6 16. Nd4 Qc4 17. Nxc2 Qd3 18. Qd4+ Kf5 19. Qxd3+ Kf4 20.
Qf3+ Kg5 21. d3+ Kh4 22. g3+ Kxh3 23. Qg2+ Kg4 24. Qe4+ Kh3 25. Qh1+ Kg4 26.
Qe4+ Kh3 27. Qh4# {MougenotSacha est échec et mat} 1-0

[Event "Champ FRA - Under 8"]
[Site "Europe Echecs"]
[Date "2020.07.06"]
[Round "9"]
[Time "17:53:35"]
[PlyCount "124"]
[White "CotterchioDant"]
[Black "CosynsThibault"]
[WhiteElo "1260"]
[BlackElo "990"]
[Mode "WEB"]
[Result "1-0"]

1. e4 d5 2. Nc3 Nf6 3. d3 dxe4 4. dxe4 Bg4 5. f3 Qxd1+ 6. Nxd1 Be6 7. e5 Ne4 8.
fxe4 Nc6 9. Nf3 O-O-O 10. Ne3 h6 11. Bd3 Nb4 12. Bd2 Nxd3+ 13. cxd3 Rxd3 14. Rd1
Bxa2 15. O-O Bb3 16. Ra1 e6 17. Rxa7 Bc5 18. Ra8+ Kd7 19. Rxh8 Bxe3+ 20. Bxe3
Rxe3 21. Ra8 Bc4 22. Ra4 Bxf1 23. Kxf1 f5 24. exf6 gxf6 25. e5 fxe5 26. Ra1 Rb3
27. Nxe5+ Kd6 28. Nc4+ Kd5 29. Nd2 Rxb2 30. Ra5+ Kc6 31. Nc4 Rb1+ 32. Ke2 b5 33.
Ra6+ Kc5 34. Nd2 Rb2 35. Rxe6 h5 36. Re5+ Kd6 37. Rxh5 c5 38. g4 c4 39. g5 c3
40. g6 Rxd2+ 41. Kf3 Ke6 42. g7 Rd8 43. Rxb5 Re8 44. Rb6+ Kd5 45. Rg6 Rg8 46.
Ke2 Kd4 47. Kd1 Kd3 48. Kc1 c2 49. h4 Ke4 50. h5 Kf5 51. Rg1 Kf6 52. h6 Rc8 53.
h7 Kf7 54. h8=Q Rxh8 55. gxh8=Q Ke6 56. Qf8 Ke5 57. Re1+ Kd4 58. Qd6+ Kc3 59.
Qc5+ Kb3 60. Re3+ Ka2 61. Kxc2 Ka1 62. Qa3# {CosynsThibault est échec et mat} 1-0

[Event "Champ FRA - Under 8"]
[Site "Europe Echecs"]
[Date "2020.07.06"]
[Round "9"]
[Time "17:53:35"]
[PlyCount "85"]
[White "LavissiereGene"]
[Black "MindeHeloise"]
[WhiteElo "920"]
[BlackElo "1110"]
[Mode "WEB"]
[Result "1/2-1/2"]

1. e4 e5 2. Nf3 Nc6 3. Nc3 Nf6 4. d4 Bb4 5. Bg5 d5 6. Bb5 Bg4 7. O-O O-O 8. Qd3
h6 9. h3 hxg5 10. hxg4 a6 11. a4 axb5 12. axb5 Rxa1 13. Rxa1 Qd6 14. bxc6 bxc6
15. Nb5 Bc3 16. bxc3 cxb5 17. exd5 Qxd5 18. Rd1 e4 19. Qe2 exf3 20. gxf3 Re8 21.
Ra1 Rxe2 22. c4 Qxd4 23. c3 Qxc3 24. Ra8+ Kh7 25. f4 gxf4 26. g5 Nd7 27. g6+
Kxg6 28. Ra6+ Kh7 29. Kh2 bxc4 30. Kg2 f3+ 31. Kg3 f5 32. Kf4 Rxf2 33. Kxf5 g6+
34. Kg5 Nc5 35. Rxg6 Ne4+ 36. Kh5 Rh2+ 37. Kg4 Kxg6 38. Kf4 Nd6 39. Kg3 Rc2 40.
Kf4 f2 41. Kg4 f1=Q 42. Kh4 Qg1 {Nulle par pat} 1/2-1/2